Ganadoras del Balón de Oro femenino - Estadísticas

Estadísticas generales
  • Esta prueba ha sido intentada 89 veces
  • La puntuación promedio es 4 de 5
Estadísticas de respuestas
Año Jugadora % Correcto
2021 Alexia Putellas
100%
2022 Alexia Putellas
100%
2023 Aitana Bonmatí
98%
2019 Megan Rapinoe
56%
2018 Ada Hegerberg
35%
No se encontraron pruebas coincidentes
Distribución de puntuación
Porcentaje de gente con cada puntuación
Porcentaje por número respondido
Historial de tus puntuaciones
No has intentado esta prueba.